LIBRARY & INFORMATION CENTRE, KCAET, TAVANUR

ONLINE PUBLIC ACCESS CATALOGUE (OPAC)

Haritha sasyathinte jeevitham / (Record no. 6178)

MARC details
000 -LEADER
fixed length control field 00520cam a2200205ua 4500
041 ## - LANGUAGE CODE
Language code of text/sound track or separate title mal
082 ## - DEWEY DECIMAL CLASSIFICATION NUMBER
Classification number 581
Item number ART/HA
100 ## - MAIN ENTRY--AUTHOR NAME
Personal name Galston, Arthur W .
245 ## - TITLE STATEMENT
Title Haritha sasyathinte jeevitham /
260 ## - PUBLICATION, DISTRIBUTION, ETC. (IMPRINT)
Place of publication Thiruvananthapuram :
Name of publisher State Instititute of Languages ,
Year of publication 1972.
300 ## - PHYSICAL DESCRIPTION
Number of Pages ; .
942 ## - ADDED ENTRY ELEMENTS (KOHA)
Koha item type Books
Holdings
Withdrawn status Lost status Damaged status Home library Current library Date acquired Full call number Accession Number Koha item type
Withdrawn     KAUAET KAUAET 07/04/2012 581 13504 Books
      KAUAET KAUAET 07/04/2012 581 GAL/HA 13501 Books
      KAUAET KAUAET 07/04/2012 581 13502 Books
      KAUAET KAUAET 07/04/2012 581 13503 Books
free website counter